Statistiques concernant Capitaines du Gotei 13 (Bleach)

Cliquez ici pour prendre le quiz!

Statistiques générales

  • Ce quiz a été pris 364 fois
  • Le résultat moyen est 17 sur 45

Statistiques - réponses

DivisionCapitaine% Correct
Ex-Capitaine 1ère division (13 sanguinaires)Genryusai Shigekuni Yamamoto
93%
Ex-Capitaine 5ème divisionSosuke Aizen
86%
Capitaine 11ème divisionKenpachi Zaraki
85%
Ex-Capitaine 4ème division / Ex-Capitaine 11ème division (13 sanguinaires)Yachiru Unohana
81%
Capitaine 6ème divisionByakuya Kuchiki
80%
Ex-Capitaine 3ème divisionGin Ichimaru
80%
Capitaine 2nde divisionSoi Fon
78%
Capitaine 10ème divisionToshiro Hitsugaya
76%
Capitaine 1ère division / Ex-Capitaine 8ème divisionShunsui Kyoraku
75%
Capitaine 5ème division (Vizard)Shinji Hirako
70%
Ex-Capitaine 12ème divisionKisuke Urahara
69%
Ex-Capitaine 9ème divisionKaname Tosen
68%
Capitaine 13ème divisionRukia Kuchiki
66%
Ex-Capitaine 2nde divisionYoruichi Shihoin
66%
Capitaine 12ème divisionMayuri Kurotsuchi
65%
Ex-Capitaine 13ème divisionJushiro Ukitake
63%
Ex-Capitaine 7ème divisionSajin Komamura
63%
Chef Division 0Ichibei Hyosube
45%
Ex-Capitaine 10ème divisionIsshin Shiba
45%
Capitaine 3ème division (Vizard)Rojuro Otoribashi
44%
Capitaine 9ème division (Vizard)Kensei Muguruma
41%
Ex-Capitaine 7ème division (Vizard)Love Aikawa
41%
Capitaine 8ème division (Vizard)Lisa Yadomaru
32%
Capitaine 4ème divisionIsane Kotetsu
31%
Membre Division 0Oetsu Nimaiya
30%
Capitaine 7ème divisionTetsuzaemon Iba
28%
Membre Division 0 / Ex-Capitaine 12ème divisionKirio Hikifune
19%
Membre Division 0Shutara Senjumaru
17%
Ex-Capitaine 2nde division (13 sanguinaires)Chika Shihoin
16%
Ex-Grand chef en Kido (Corps des nécromanciens)Tessai Tsukabishi
16%
Ex-Capitaine 11ème division (CFYOW)Soya Azashiro
13%
Membre Division 0Tenjiro Kirinji
13%
Ex-Capitaine 6ème divisionGinrei Kuchiki
10%
Ex-Capitaine 11ème division (CFYOW)Kenpachi Kuruyashiki
8%
Ex-Capitaine 11ème divisionKenpachi Kiganjo
6%
Ex-Capitaine 6ème division (13 sanguinaires)Furofushi Saito
4%
Ex-Capitaine 8ème division (13 sanguinaires)Batsu'unsai Katori
2%
Ex-Capitaine 4ème division (13 sanguinaires)Chigiri Shijima
2%
Ex-Capitaine 5ème division (13 sanguinaires)Danjiro Obana
2%
Ex-Capitaine 9ème division (13 sanguinaires)Entetsu Kumoi
2%
Ex-Capitaine 3ème division (13 sanguinaires)Kinroku Izuhara
2%
Ex-Capitaine 7ème division (13 sanguinaires)Nobutsuna Shigyo
2%
Ex-Capitaine 13ème division (13 sanguinaires)Saizo Sakahone
2%
Ex-Capitaine 12ème division (13 sanguinaires)Uhin Zenjoji
2%
Ex-Capitaine 10ème division (13 sanguinaires)Furuoki Otogawa
1%

Distribution des résultats

Percentile par nombre de réponses

% des personnes avec chaque résultat

Votre développement - résultats

Vous n’avez pas pris ce quiz